Click Race - Human Taxonomy - Statistics

General Stats
  • This quiz has been taken 172 times
  • The average score is 4 of 7
Answer Stats
Hint Answer % Correct
Kingdom Animalia
88%
Phylum Chordata
77%
Class Mammalia
66%
Species Homo sapiens
58%
Family Hominidae
52%
Order Primates
52%
Genus Homo
48%
No matching quizzes found
Score Distribution
Percent of People with Each Score
Percentile by Number Answered
Your Score History
You have not taken this quiz